Davids Who Changed the US Quiz Stats

 Plays Quiz Updated Apr 18, 2018

Score 0/16 Timer 04:00
0 Plays Today
% Correct
David Letterman
94.6%
Dwight David Eisenhower
93.8%
Davy Crockett
91.8%
Henry David Thoreau
84.7%
Dave Thomas
82.4%
David Petraeus
78.1%
David Robinson
74.2%
David Geffen
71.2%
% Correct
David Lynch
68.2%
David Souter
64.9%
Dave Brubeck
64.5%
David Dinkins
63.9%
David E. Kelley
60.7%
Dave Pelzer
43.1%
Dave Bing
42.2%
David Dellinger
41.6%

You're not logged in!

Compare scores with friends on all Sporcle quizzes.
OR
Log In

Sporcle TV

Today on Sporcle TV


Watch our educational content, quiz creation guides, and fun videos on Sporcle TV.

Show Comments

Extras

Top Quizzes Today


Score Distribution

Your Account Isn't Verified!

In order to create a playlist on Sporcle, you need to verify the email address you used during registration. Go to your Sporcle Settings to finish the process.

Report this User

Report this user for behavior that violates our Community Guidelines.

Details: